000 004790000a22001330004500
090 _aAS
_bSeriadas
245 1 0 _aContribution to the Ethnopharmacology of the lowland quichua people of Amazonia Ecuador
041 0 _aInglés
700 1 _aNeill, David A.
_999144
700 1 _aFarnsworth, Norman R.
_999145
100 1 _aMarles, Robin J.
_999146
942 _cARTICULO
773 1 _tRevista de la Academia Colombiana de Ciencias Exactas, Fisicas y Naturales
_332
_h63
_q111-120
_d1988
_g16
999 _c14197
_d14197